00353nam a2200133Ia 4500008004100000041000800041082001500049100001400064245004500078250001400123260004200137300003300179365000700212240624s9999 xx 000 0 und d aeng a344.02 KUM aKUMAR H L aPRACTICAL GUIDE TO EMPLOYEES STATE INSUR a(5th ed.) c2005aDelhibUniversal Law Publishing axxxix, : 360 : p. : cm. ; 24 cRS